000
00317nam a22001457a 4500
008
210426b ||||| |||| 00| 0 eng d
020
_a
9780134129969
041
_a
eng
080
_2
11th
_a
33
082
_a
33
100
_a
58
101
_a
BIZ
245
_a
Business Essentials
_c
Ronald J.Ebert
942
_2
udc
_c
BK
999
_c
56702
_d
56702